00398nam a2200145 4500003000400000008004100004020001800045100001700063245006600080250001200146260005500158300000700213650001500220700001700235OSt250128b |||||||| |||| 00| 0 eng d a9789357470995 aKUMAR, Vinod aEarly Diagnosis of Lung Cancer Using Medical Image Processing a1st Ed. aKarnatakabIterative International Publisherc2023 a86 aApplied Sc aTomar, Vipin